Movies Quiz

Random Movies or Pixar Quiz

Pixar Characters Quiz Stats

 Plays Quiz Updated Dec 25, 2020

Support Sporcle.
Go Orange.
Score 0/139 Timer 18:00
32 Plays Today
Movie Character % Correct
Toy StorySheriff Woody
98%
Toy StoryBuzz Lightyear
97.4%
Finding NemoNemo
87.8%
Finding NemoDory
78.8%
Monsters, Inc.Mike Wazowski
76.7%
WALL-EWALL-E
73%
Monsters, Inc.James P. Sullivan
72.4%
Toy StoryMr. Potato Head
71.6%
The IncrediblesMr. Incredible
70.7%
Toy StoryRex
69.9%
Toy Story 2 (new characters)Jessie
66.4%
CarsLightning McQueen
64.4%
Toy StorySlinky Dog
63.6%
Toy StoryBo Peep
61.1%
Finding NemoMarlin
61%
Inside OutAnger
58.2%
Inside OutJoy
58.1%
Inside OutSadness
57%
Toy StoryAndy
57%
Monsters, Inc.Boo
55.7%
The IncrediblesViolet Parr
55.5%
Cars(Tow) Mater
52.7%
WALL-EEVE
51.9%
The IncrediblesDash Parr
51.4%
BraveMerida
50.8%
Inside OutFear
49.8%
Inside OutDisgust
47.5%
Toy StoryHamm
47.1%
A Bug's LifeFlik
45.5%
Toy Story 2 (new characters)Prospector
45.2%
The IncrediblesElastigirl
45.1%
Toy Story 2 (new characters)Barbie
44.2%
Toy Story 2 (new characters)Mrs. Potato Head
42.2%
Toy Story 3 (new characters)Ken
40.6%
RatatouilleRemy
40.4%
Toy StorySid
40.3%
The IncrediblesFrozone
39.6%
Monsters, Inc.Randall
36.8%
Inside OutRiley Anderson
34.9%
Toy Story 2 (new characters)Al McWhiggin
34.4%
The IncrediblesSyndrome
33.7%
Finding NemoBruce
32.6%
A Bug's LifeHopper
32.4%
Toy Story 3 (new characters)Lots-O'-Huggin' Bear
31.4%
CarsSally Carrera
31.3%
Toy Story 4 (new characters)Forky
30.2%
Finding NemoCrush
29.7%
Movie Character % Correct
CarsDoc Hudson
29%
A Bug's LifeDot
27.5%
CocoMiguel Rivera
27.4%
UpDug
26.9%
Finding NemoGill
24.7%
The IncrediblesEdna Mode
24%
UpRussell
23.3%
UpCarl Fredricksen
23.1%
The Incredibles 2 (new characters)Gus Burns/Reflux
22%
Finding Dory (new characters)Hank
20.9%
Monsters, Inc.Celia
20.6%
Monsters, Inc.Henry Waternoose
20.1%
Toy Story 2 (new characters)Emperor Zurg
19.9%
WALL-ECaptain McCrea
19%
A Bug's LifePrincess Atta
17.8%
Finding NemoNigel
17.8%
RatatouilleLinguini
17.4%
CocoHector
16.9%
CocoErnesto de la Cruz
16.5%
The Good DinosaurArlo
16.4%
Toy Story 4 (new characters)Ducky
16.1%
Toy Story 4 (new characters)Bunny
15.8%
A Bug's LifeFrancis
15.6%
Toy Story 4 (new characters)Gabby Gabby
15.1%
Finding Dory (new characters)Destiny
15.1%
CarsLuigi
14.8%
CarsChick Hicks
14.5%
OnwardIandore 'Ian' Lightfoot
14.5%
The IncrediblesMirage
14.5%
BraveThe Witch
14.3%
The Good DinosaurSpot
14.2%
CarsMack
13.8%
BraveElinor
12.9%
BraveFergus
12.7%
OnwardBarley Lightfoot
12.4%
Finding Dory (new characters)Bailey
12.3%
Cars 3 (new characters)Jackson Storm
12.2%
Cars 3 (new characters)Cruz Ramirez
12.1%
Toy Story 4 (new characters)Duke Caboom
12%
A Bug's LifeHeimlich
10.7%
The Good DinosaurPoppa Henry
10.7%
CocoMamá Imelda
10.5%
The Incredibles 2 (new characters)Evelyn Deavor
10.5%
UpCharles F. Muntz
10.1%
Monsters University (new characters)Squishy
10%
CarsRamone
9.9%
Toy Story 3 (new characters)Bonnie
9.6%
Movie Character % Correct
The Incredibles 2 (new characters)Pizza Boy/Screenslaver
9.4%
Monsters University (new characters)Art
9.2%
The Incredibles 2 (new characters)Karen/Voyd
8.9%
Finding Dory (new characters)Charlie
8.7%
Toy Story 3 (new characters)Stretch
8.5%
The Incredibles 2 (new characters)Winston Deavor
8.3%
RatatouilleColette
8.2%
Finding Dory (new characters)Jenny
8.2%
UpBeta
8%
Monsters University (new characters)Dean Hardscrabble
8%
RatatouilleGusteau
7.9%
Monsters University (new characters)Don
7.7%
A Bug's LifeSlim
7.6%
CarsFillmore
7.5%
Monsters University (new characters)Terry
7.2%
RatatouilleEmile
7.2%
RatatouilleSkinner
7%
Toy Story 3 (new characters)Mr. Pricklepants
6.7%
RatatouilleAnton Ego
6.6%
Toy Story 4 (new characters)Giggle McDimples
6.6%
Cars 3 (new characters)Smokey
6%
CocoAbuelita
5.9%
Cars 3 (new characters)Sterling
5.9%
OnwardCorey
5.8%
Finding Dory (new characters)Fluke
5.7%
OnwardLaurel Lightfoot
5.6%
Finding Dory (new characters)Rudder
5.5%
The Good DinosaurButch
5.4%
Cars 3 (new characters)Miss Fritter
5.4%
The Good DinosaurThunderclap
5.2%
Cars 3 (new characters)Natalie Certain
5.1%
Monsters University (new characters)Johnny Worthington
4.7%
The Incredibles 2 (new characters)Ambassador
4.5%
The Good DinosaurRamsey
4.5%
Cars 2 (new characters)Finn McMissile
4.2%
The Good DinosaurNash
4.2%
The Good DinosaurMomma Ida
4%
The Incredibles 2 (new characters)He-Lectrix
3.9%
Monsters University (new characters)Professor Knight
3.9%
The Incredibles 2 (new characters)Krushauer
3.7%
WALL-EShelby Forthright, BnL CEO
3.7%
Monsters University (new characters)Claire Wheeler
3%
Cars 2 (new characters)Holley Shiftwell
2.3%
Cars 2 (new characters)Francesco Bernoulli
1.5%
Cars 2 (new characters)Sir Miles Axlerod
1.4%

From the Vault

Mini Nurikabe Puzzle XV

by sproutcm

No man is an island, but this puzzle is full of them.
Remove Ads.
Support Sporcle.
Get the best of Sporcle when you Go Orange. This ad-free experience offers more features, more stats, and more fun while also helping to support Sporcle. Thank you for becoming a member.

Show Comments

Extras

Top Quizzes Today


Score Distribution

Your Account Isn't Verified!

In order to create a playlist on Sporcle, you need to verify the email address you used during registration. Go to your Sporcle Settings to finish the process.

Report this User

Report this user for behavior that violates our Community Guidelines.

Details: